VEZETŐI STRATÉGIÁK KVALITATÍV ELEMZÉSE A SZIRONTART MŰVÉSZETI ÉS KULTURÁLIS KÖZHASZNÚ EGYESÜLET MŰKÖDÉSÉNEK FÉNYÉBEN

Bibliographic Details
Main Author: Horváth Szilvia Evelin
Other Authors: Krajcsák Dr. Zoltán
Germán Márton
Format: Thesis
Kulcsszavak:Nonprofit
Mélyinterjús kutatás
fókuszcsoport
vezetői stratégiák
Online Access:http://dolgozattar.uni-bge.hu/22064

MARC

LEADER 00000nta a2200000 i 4500
001 dolg22064
005 20190515154338.0
008 190515suuuu hu om 000 hun d
040 |a BGE Dolgozattár Repozitórium  |b hun 
041 |a hu 
100 1 |a Horváth Szilvia Evelin 
245 1 0 |a VEZETŐI STRATÉGIÁK KVALITATÍV ELEMZÉSE A SZIRONTART MŰVÉSZETI ÉS KULTURÁLIS KÖZHASZNÚ EGYESÜLET MŰKÖDÉSÉNEK FÉNYÉBEN  |c Horváth Szilvia Evelin  |h [elektronikus dokumentum] 
246 1 1 |a VEZETŐI STRATÉGIÁK KVALITATÍV ELEMZÉSE A SZIRONTART MŰVÉSZETI ÉS KULTURÁLIS KÖZHASZNÚ EGYESÜLET MŰKÖDÉSÉNEK FÉNYÉBEN 
695 |a Nonprofit 
695 |a Mélyinterjús kutatás 
695 |a fókuszcsoport 
695 |a vezetői stratégiák 
700 1 |a Krajcsák Dr. Zoltán  |e ths 
700 1 |a Germán Márton  |e ths 
856 4 0 |u http://dolgozattar.uni-bge.hu/22064/1/AL%C3%81%C3%8DRT_Horv%C3%A1th_Szilvia_Evelin_szakdolgozat_gazd%C3%A1lkod%C3%A1s_%C3%A9s_menedzsment.pdf  |z Dokumentum-elérés